Coming home : (Record no. 21433)

MARC details
000 -LEADER
fixed length control field 01248cam a2200349 i 4500
001 - CONTROL NUMBER
control field 19449553
003 - CONTROL NUMBER IDENTIFIER
control field OSt
005 - DATE AND TIME OF LATEST TRANSACTION
control field 20260316102308.0
008 - FIXED-LENGTH DATA ELEMENTS--GENERAL INFORMATION
fixed length control field 170112s2017 ilu b 001 0 eng
010 ## - LIBRARY OF CONGRESS CONTROL NUMBER
LC control number 2016040231
020 ## - INTERNATIONAL STANDARD BOOK NUMBER
International Standard Book Number 9781433553974
Qualifying information tp
035 ## - SYSTEM CONTROL NUMBER
System control number 19449553
040 ## - CATALOGING SOURCE
Original cataloging agency DLC
Language of cataloging eng
Transcribing agency DLC
Description conventions rda
Modifying agency DLC
042 ## - AUTHENTICATION CODE
Authentication code pcc
050 00 - LIBRARY OF CONGRESS CALL NUMBER
Classification number BT775
Item number .C66 2017
082 00 - DEWEY DECIMAL CLASSIFICATION NUMBER
Classification number 234/.3
Edition number 23
245 00 - TITLE STATEMENT
Title Coming home :
Remainder of title essays on the new heaven and new earth /
Statement of responsibility, etc. edited by D. A. Carson and Jeff Robinson Sr.
264 #1 - PRODUCTION, PUBLICATION, DISTRIBUTION, MANUFACTURE, AND COPYRIGHT NOTICE
Place of production, publication, distribution, manufacture Wheaton, Illinois :
Name of producer, publisher, distributor, manufacturer Crossway,
Date of production, publication, distribution, manufacture, or copyright notice [2017]
300 ## - PHYSICAL DESCRIPTION
Extent 173 pages ;
Dimensions 22 cm.
336 ## - CONTENT TYPE
Content type term text
Content type code txt
Source rdacontent
337 ## - MEDIA TYPE
Media type term unmediated
Media type code n
Source rdamedia
338 ## - CARRIER TYPE
Carrier type term volume
Carrier type code nc
Source rdacarrier
490 0# - SERIES STATEMENT
Series statement The gospel coalition
504 ## - BIBLIOGRAPHY, ETC. NOTE
Bibliography, etc Includes bibliographical references and indexes.
650 #0 - SUBJECT ADDED ENTRY--TOPICAL TERM
Topical term or geographic name as entry element Redemption
General subdivision Biblical teaching.
700 1# - ADDED ENTRY--PERSONAL NAME
Personal name Carson, D. A.,
Relator term editor.
700 1# - ADDED ENTRY--PERSONAL NAME
Personal name Robinson, C. Jeffrey,
Titles and other words associated with a name Sr.,
Relator term editor.
776 08 - ADDITIONAL PHYSICAL FORM ENTRY
Relationship information Online version:
Title Coming home
Place, publisher, and date of publication Wheaton : Crossway, 2017
International Standard Book Number 9781433553981
Record control number (DLC) 2017001776
906 ## - LOCAL DATA ELEMENT F, LDF (RLIN)
a 7
b cbc
c orignew
d 1
e ecip
f 20
g y-gencatlg
942 ## - ADDED ENTRY ELEMENTS (KOHA)
Source of classification or shelving scheme Library of Congress Classification
Koha item type General Collection
Holdings
Withdrawn status Lost status Source of classification or shelving scheme Not for loan Home library Current library Shelving location Date acquired Source of acquisition Inventory number Total Checkouts Full call number Barcode Date last seen Copy number Price effective from Koha item type
    Library of Congress Classification   Kabarak, Main Campus Kabarak, Main Campus General Stacks 16/03/2026 Donation 2025/3278   BT775 .C66 2017 C.1 39175 16/03/2026 C.1 16/03/2026 General Collection
Designed with assistance from East African Informatics Ltd